01131nam a2200301 a 450000100100000000500170001000800410002702000150006802000150008304000250009804100390012308200170016210000200017924000410019924502020024026000330044230000300047549000230050550000530052850400320058153400500061365000150066370000350067870000320071370000260074570000350077183000230080600002338620250304113420.0101206s1982 sp a 001 0 spa d a8432047252 a388472004x aDO-SdBNPbspacBNPHU17aspahger2Código de idiomas MARC a590.9bW473d1 aWendt, Herbert.10aDie entdeckung der tiere.lEspañol13aEl descubrimiento de los animales :bde la leyenda del unicornio hasta la etología /cHerbert Wendt ; prefacio Bernhard Grzimek ; introducción Armin Geus ; traducción Alfonsina Janés Nadal. aBarcelona :bPlaneta,c1982. a[323] p. :bil. ;c23 cm.1 aAl filo del tiempo aIncluye índice de ilustraciones y analítico. aBibliografía : 303-307 p. aTítulo original :tDie entdeckung der tiere 0aZoología1 aJanés Nadal, Alfonsina,etr.1 aGrzimek, Bernhard,epról.1 aGeus, Armin,eintrod.1 aJanés Nadal, Alfonsina,etr. 0aAl filo del tiempo